00342nam a2200133Ia 4500008004100000020001500041041000800056082001700064100001800081245003700099260004500136300001400181365001300195210423s2010 xx 000 0 und d a019567197X aeng a821.954 KINB aKING (Bruce). aModern Indian poetry in english. aNew DelhibOxford University Pressc2010 ax,416bPB b365cINR